|
|
|
|
| LEADER |
00000nam a2200000 a 4500 |
| 001 |
vtls008187239 |
| 003 |
SK-MaSNL |
| 005 |
20260302074054.0 |
| 008 |
240318s2005 xo l g 000 0 slo |
| 015 |
|
|
|a SNBA2006/03-01291
|
| 020 |
|
|
|a 8089179185
|q (brož.)
|
| 035 |
|
|
|a EB717BB3-21F0-4D6A-8F5B-1F7F9EF64973
|
| 035 |
|
|
|a urn:nbn:sk:snk-amjdzr
|
| 035 |
|
|
|a urn:nbn:sk:snk-am000xlu
|
| 040 |
|
|
|a SNK
|b slo
|c SNK
|e AACR2
|
| 041 |
1 |
|
|a slo
|h ger
|
| 044 |
|
|
|a xo
|
| 072 |
|
7 |
|a 615.8
|x Fyzioterapia. Psychoterapia. Alternatívna medicína
|2 konspekt
|
| 080 |
|
|
|a 615.89
|2 1997
|
| 080 |
|
|
|a (0.062)
|2 1997
|
| 080 |
|
|
|a 615.8
|2 1997
|
| 100 |
1 |
|
|a Tepperwein, Kurt,
|d 1932-
|4 aut
|9 104442
|
| 240 |
1 |
0 |
|a Jungbrunnen Entsäuerung
|l Slovensky
|
| 245 |
1 |
0 |
|a Omladzujúce odkyslenie
|b harmonický pomer kyselín a zásad - základ zdravia organizmu
|c Kurt Tepperwein
|
| 250 |
|
|
|a [1. vyd.]
|
| 260 |
|
|
|a Bratislava
|b Noxi
|c 2005
|
| 300 |
|
|
|a 207 s.
|c 21 cm
|
| 650 |
0 |
7 |
|a alternatívna medicína
|2 SNKPH
|9 901
|
| 650 |
0 |
7 |
|a sebauzdravovanie
|2 SNKPH
|9 78158
|
| 655 |
|
7 |
|a populárno-náučné publikácie
|2 SNKPH
|9 70460
|
| 919 |
|
|
|a 80-89179-18-5
|
| 968 |
|
|
|b DT
|d 61
|
| 999 |
|
|
|c 1163572
|d 1165502
|
| 952 |
|
|
|a SNK
|b SNK
|y VYP
|7 0
|p 17A0509890
|o snkSD 74999 D2
|i snk2007/24635
|8 3
|g 7.60
|0 0
|1 0
|4 0
|d 2007-11-13
|l 0
|r 2026-02-24 20:40:44
|w 2026-02-24
|
| 952 |
|
|
|a SNK
|b SNK
|y PREZ
|7 0
|p 17A0479985
|o snkSD 74999
|i snk2005/13424
|8 0
|0 0
|1 0
|4 0
|d 2005-08-01
|l 0
|r 2025-11-21 00:00:00
|w 2026-02-24
|
| 952 |
|
|
|a SNK
|b SNK
|y VYP
|7 0
|p 17A0479986
|o snkSD 74999 D1
|i snk2005/13425
|8 0
|0 0
|1 0
|4 0
|d 2005-08-01
|l 0
|r 2017-06-30 00:00:00
|w 2026-02-24
|